Biblioteca

La hora de comprometernos con la vida (Registro nro. 51894)

Detalles MARC
000 -LÍDER
Campo fijo de descripción fija 00670aab a2200181 i 4500
001 - NÚMERO DE CONTROL
Campo de control 768714001
003 - IDENTIFICADOR DEL NÚMERO DE CONTROL
Campo de control CO-MdFUSB
005 - FECHA Y HORA DE LA ULTIMA TRANSACCIÓN
control field 20240422113805.0
008 - ELEMENTOS DE LONGITUD FIJA -- INFORMACIÓN GENERAL
Campo fijo de descripción fija -- Información general 240404b1990 ag ||||| |||| 00| 0 spa d
040 ## - FUENTE DE CATALOGACIÓN
Idioma de catalogación spa
Agencia que realiza la transcripción CO-MdFUSB
041 ## - CÓDIGO DE IDIOMA
Código de idioma para texto/pista de sonido o título separado spa
245 #3 - TÍTULO
Título La hora de comprometernos con la vida
300 ## - DESCRIPCIÓN FÍSICA
Extensión Volumen 9, número 3 (septiembre, 1990), página: 22
Dimensiones ; 27 cm
520 ## - NOTA DE RESUMEN, ETC.
Nota de sumario, etc. Mensaje final de la Convocación sobre Justicia, Paz e Integridad de la Creación, Seúl, Corea, marzo de 1990.
650 #7 - ASIENTO SECUNDARIO DE MATERIA - TERMINO TEMÁTICO
Término temático o nombre geográfico como elemento de entrada Justicia y política
9 (RLIN) 6934
773 0# - ASIENTO DE ITEM FUENTE
Título Iglesia y Misión
Biblionumber 49402
Itemnumber 59664
Parte(s) relacionada(s) / Volumen., número. (mes año), páginas Volumen 9, número 3 (septiembre, 1990), página: 22
Enumeración y primera página página: 22
942 ## - TIPO DE MATERIAL (KOHA)
Tipo de Item KOHA Artículos de Revista

No hay ítems disponibles.

Biblioteca FUSBC | Teléfono: (57+4) 349 88 10 Ext. 141| WhatsApp (+57) 3005338115 
E-mail: biblioteca@unisbc.edu.co | Calle 76 87-14 Robledo Palenque, Medellín, Colombia

Con tecnología Koha